<?xml version="1.0" encoding="UTF-8"?><?xml-stylesheet type="text/xsl" href="static/style.xsl"?><OAI-PMH xmlns="http://www.openarchives.org/OAI/2.0/" xmlns:xsi="http://www.w3.org/2001/XMLSchema-instance" xsi:schemaLocation="http://www.openarchives.org/OAI/2.0/ http://www.openarchives.org/OAI/2.0/OAI-PMH.xsd"><responseDate>2026-04-27T12:58:07Z</responseDate><request verb="GetRecord" identifier="oai:uvadoc.uva.es:10324/80720" metadataPrefix="marc">https://uvadoc.uva.es/oai/request</request><GetRecord><record><header><identifier>oai:uvadoc.uva.es:10324/80720</identifier><datestamp>2025-12-17T20:05:06Z</datestamp><setSpec>com_10324_38</setSpec><setSpec>col_10324_852</setSpec></header><metadata><record xmlns="http://www.loc.gov/MARC21/slim" xmlns:doc="http://www.lyncode.com/xoai" xmlns:xsi="http://www.w3.org/2001/XMLSchema-instance" xmlns:dcterms="http://purl.org/dc/terms/" xsi:schemaLocation="http://www.loc.gov/MARC21/slim http://www.loc.gov/standards/marcxml/schema/MARC21slim.xsd">
<leader>00925njm 22002777a 4500</leader>
<datafield tag="042" ind1=" " ind2=" ">
<subfield code="a">dc</subfield>
</datafield>
<datafield tag="720" ind1=" " ind2=" ">
<subfield code="a">Zangróniz Julián, Ángela</subfield>
<subfield code="e">author</subfield>
</datafield>
<datafield tag="260" ind1=" " ind2=" ">
<subfield code="c">2025</subfield>
</datafield>
<datafield tag="520" ind1=" " ind2=" ">
<subfield code="a">En 1958 nace ETA (Euskadi Ta Askatasuna: País Vasco y Libertad), una organización terrorista&#xd;
que sembró el terror en la sociedad española durante casi sesenta años. Seis décadas que dejaron&#xd;
un reguero de muerte y destrucción en las que 853 personas perdieron la vida y 3.000 fueron&#xd;
heridas a manos de una banda que luchaba por la independencia del País Vasco. El presente&#xd;
Trabajo de Fin de Grado tiene como objetivo analizar por qué la juventud española desconoce las&#xd;
causas que llevaron a ETA a ejercer la violencia y cuáles eran sus reivindicaciones. Intentaremos&#xd;
conocer mediante una encuesta realizada a estudiantes de diferentes edades el porqué de esta&#xd;
desinformación, y determinar quién es el causante de esto, si los medios de comunicación o el&#xd;
sistema educativo español.</subfield>
</datafield>
<datafield tag="024" ind2=" " ind1="8">
<subfield code="a">https://uvadoc.uva.es/handle/10324/80720</subfield>
</datafield>
<datafield tag="245" ind1="0" ind2="0">
<subfield code="a">Cómo los jóvenes del siglo XXI han vivido el terrorismo de ETA: desinformación y periodo de silencio</subfield>
</datafield>
</record></metadata></record></GetRecord></OAI-PMH>